00887cam a2200277 a 45000010009000000050017000090080041000260100031000670200026000980200023001240200026001470200023001730400018001960410008002140420008002220800013002301000007002431010008002502450054002582460035003125040075003479060045004229420012004679990017004799520113004961733359320180312080143.0120606s2012 nyua b 001 0 eng  a 2012419205z 2010942457 a9781429208383 (cloth) a1429208384 (cloth) a9781429231848 (paper) a142923184X (paper) aDLCcDLCdDLC aeng apcc a51 JION1 a36 aMAT10aCalculus.pEarly transcendentals /cJon Rogawski.3 aEarly transcendentals calculus aIncludes bibliographical references (p. 117-120, 2nd group) and index. a7bcbccorignewd3encipf20gy-gencatlg 2ddccBK c44726d44726 00102udc40708PËKGa002b002cPËKGd2018-03-12l0o51 JONp002-3001380r2018-03-12w2018-03-12yBK